Teorie statistiky 1

Salvato in:
Dettagli Bibliografici
Autore principale: Cyhelský, Lubomír
Natura: Libro
Lingua:ceco
Pubblicazione: Praha Stát. nakl. techn. lit. 1990
Edizione:1. vyd.
Tags: Aggiungi Tag
Nessun Tag, puoi essere il primo ad aggiungerne!!

MARC

LEADER 00000nam a2200000 4500
001 c039554
005 20221215120842.6
041 0 |a cze 
044 |a CZ 
245 1 0 |a Teorie statistiky 1  |c Lubomír Cyhelský 
250 |a 1. vyd. 
264 1 |a Praha  |b Stát. nakl. techn. lit.  |c 1990 
300 |a 338 s. 
100 1 |a Cyhelský, Lubomír